[Event "TUR Cup"]
[Site "Antalya"]
[Date "2019.02.02"]
[Round "10"]
[White "Kalinoglu, Yagiz"]
[Black "Tolon, Adman Devran"]
[Result "0-1"]
[WhiteElo "1253"]
[BlackElo "1761"]
[PlyCount "74"]
[EventDate "2019.01.27"]
[EventType "swiss"]
[EventRounds "11"]
[EventCountry "TUR"]
[SourceTitle "CBM 188 Extra"]
[Source "ChessBase"]
[SourceDate "2019.02.26"]
[SourceVersion "1"]
[SourceVersionDate "2019.02.26"]
[SourceQuality "1"]

1. e4 c5 2. Nf3 d6 3. Bb5+ Nd7 4. d4 cxd4 5. Qxd4 a6 6. Bxd7+ Qxd7 7. c4 e5 8. Qd3 f5 9. exf5 Qxf5 10. Qxf5 Bxf5 11. Nc3 Rc8 12. Nd2 Nf6 13. b3 d5 14. Bb2 d4 15. Ne2 Bc5 16. 0-0 Bd3 17. Rfe1 0-0 18. Ng3 Rce8 19. f3 Bb4 20. Red1 Bc2 21. Rdc1 Bxd2 22. Rxc2 Be3+ 23. Kh1 d3 24. Nf1 dxc2 25. Nxe3 e4 26. fxe4 Nxe4 27. Nxc2 Nf2+ 28. Kg1 Re2 29. Ba3 Rd8 30. Nb4 Rdd2 31. Nd5 Nd3 32. Bb4 Rxg2+ 33. Kh1 Rxh2+ 34. Kg1 Rdg2+ 35. Kf1 Rf2+ 36. Kg1 Ne5 37. Ne7+ Kf7 0-1

[Event "TUR Cup										"]
[Site "Antalya"]
[Date "2018.02.01"]
[Round "8"]
[White "Ozcan, Kadir Kutay"]
[Black "Tolon, Adman Devran"]
[Result "1-0"]
[WhiteElo "1829"]
[BlackElo "1719"]
[PlyCount "71"]
[EventDate "2018.01.27"]
[EventType "swiss"]
[EventRounds "11"]
[EventCountry "TUR"]
[SourceTitle "CBM 182 Extra"]
[Source "ChessBase"]
[SourceDate "2018.02.23"]
[SourceVersion "1"]
[SourceVersionDate "2018.02.23"]
[SourceQuality "1"]

1. e4 e6 2. b3 d5 3. Bb2 dxe4 4. Nc3 Nf6 5. g4 Be7 6. Bg2 0-0 7. h4 Nd5 8. Nxe4 c5 9. Ne2 Bd7 10. g5 Bc6 11. d3 Nd7 12. c4 Nc7 13. Qd2 Ne8 14. Nf4 Qc7 15. 0-0-0 e5 16. Nh5 a5 17. Nhg3 Nd6 18. Nxd6 Bxg2 19. Ndf5 Rfe8 20. Rhg1 Bc6 21. Nh5 Bf8 22. Nh6+ Kh8 23. Nxf7+ Kg8 24. Nh6+ Kh8 25. Ng4 Qd6 26. Ng3 Bf3 27. Ne4 Qe6 28. Ne3 Bxd1 29. Qxd1 a4 30. Nd5 Qc6 31. g6 h6 32. Qh5 axb3 33. axb3 Be7 34. f4 Nf6 35. Nexf6 Bxf6 36. fxe5 1-0

[Event "TUR Cup"]
[Site "Antalya"]
[Date "2017.02.02"]
[Round "9"]
[White "Akdagli, Gokhan"]
[Black "Tolon, Adman Devran"]
[Result "1/2-1/2"]
[WhiteElo "1788"]
[BlackElo "1687"]
[PlyCount "34"]
[EventDate "2017.01.28"]
[EventType "swiss"]
[EventRounds "11"]
[EventCountry "TUR"]
[SourceTitle "CBM 176 Extra"]
[Source "ChessBase"]
[SourceDate "2017.03.02"]
[SourceVersion "1"]
[SourceVersionDate "2017.03.02"]
[SourceQuality "1"]

1. e4 e6 2. d4 d5 3. exd5 exd5 4. Nf3 Bd6 5. Bd3 Ne7 6. 0-0 Nbc6 7. c3 Bg4 8. Nbd2 Qd7 9. Re1 0-0-0 10. b4 Rde8 11. Nb3 f6 12. a4 Kb8 13. a5 Nc8 14. Bb2 g5 15. b5 Nd8 16. c4 dxc4 17. Bxc4 h5 1/2-1/2

[Event "TUR Cup"]
[Site "Antalya"]
[Date "2017.02.02"]
[Round "8"]
[White "Tolon, Adman Devran"]
[Black "Catal, Uktenur"]
[Result "1-0"]
[WhiteElo "1687"]
[BlackElo "1666"]
[PlyCount "65"]
[EventDate "2017.01.28"]
[EventType "swiss"]
[EventRounds "11"]
[EventCountry "TUR"]
[SourceTitle "CBM 176 Extra"]
[Source "ChessBase"]
[SourceDate "2017.03.02"]
[SourceVersion "1"]
[SourceVersionDate "2017.03.02"]
[SourceQuality "1"]

1. d4 Nf6 2. c4 e6 3. g3 d5 4. Bg2 Be7 5. Nf3 0-0 6. 0-0 dxc4 7. Qc2 a6 8. Qxc4 b5 9. Qc2 Bb7 10. Bd2 Nbd7 11. Ba5 Rc8 12. Nbd2 Nb8 13. a3 Qe8 14. b4 Nfd7 15. Ng5 Bxg5 16. Bxb7 Bxd2 17. Qxd2 Nb6 18. Bxb6 cxb6 19. Bxc8 Qxc8 20. Rac1 Qd7 21. Qc3 h6 22. e4 Kh7 23. Rfd1 Qe7 24. d5 exd5 25. exd5 Qg5 26. d6 Nd7 27. Qd3+ g6 28. Rc7 Ne5 29. Qd5 Qg4 30. d7 Nf3+ 31. Kg2 Nh4+ 32. Kh1 Nf3 33. d8Q 1-0

[Event "TUR Cup"]
[Site "Antalya"]
[Date "2017.01.30"]
[Round "4"]
[White "Tolon, Adman Devran"]
[Black "Kara, Volkan"]
[Result "1-0"]
[WhiteElo "1687"]
[BlackElo "1405"]
[PlyCount "63"]
[EventDate "2017.01.28"]
[EventType "swiss"]
[EventRounds "11"]
[EventCountry "TUR"]
[SourceTitle "CBM 176 Extra"]
[Source "ChessBase"]
[SourceDate "2017.03.02"]
[SourceVersion "1"]
[SourceVersionDate "2017.03.02"]
[SourceQuality "1"]

1. d4 d5 2. c4 c6 3. Nf3 Nf6 4. e3 e6 5. b3 Ne4 6. Bb2 Bb4+ 7. Nbd2 Qa5 8. Bd3 f5 9. a3 Bc3 10. Bxc3 Qxc3 11. Bxe4 fxe4 12. Ne5 0-0 13. 0-0 Qa5 14. b4 Qd8 15. Qg4 Nd7 16. Qxe6+ Kh8 17. Nf7+ Rxf7 18. Qxf7 Nf6 19. f3 Bd7 20. cxd5 cxd5 21. fxe4 dxe4 22. Rxf6 gxf6 23. Nxe4 Rc8 24. Nxf6 Bf5 25. Nh5 Qg5 26. Nf4 Be4 27. Qe6 Bf5 28. Qe5+ Kg8 29. e4 Rf8 30. exf5 Rxf5 31. Qe8+ Rf8 32. Qxf8+ 1-0

[Event "TUR Cup"]
[Site "Antalya"]
[Date "2017.01.29"]
[Round "3"]
[White "Erece, Ece Alkim"]
[Black "Tolon, Adman Devran"]
[Result "1-0"]
[WhiteElo "1868"]
[BlackElo "1687"]
[PlyCount "61"]
[EventDate "2017.01.28"]
[EventType "swiss"]
[EventRounds "11"]
[EventCountry "TUR"]
[SourceTitle "CBM 176 Extra"]
[Source "ChessBase"]
[SourceDate "2017.03.02"]
[SourceVersion "1"]
[SourceVersionDate "2017.03.02"]
[SourceQuality "1"]

1. e4 e6 2. d4 d5 3. Nc3 dxe4 4. Nxe4 Nd7 5. Nf3 Ngf6 6. Nxf6+ Nxf6 7. c3 c5 8. Ne5 Qb6 9. Qa4+ Bd7 10. Nxd7 Nxd7 11. Bb5 Qd8 12. Be3 cxd4 13. Bxd4 a6 14. Be2 b5 15. Qc2 e5 16. Be3 Bc5 17. 0-0-0 Bxe3+ 18. fxe3 Qc7 19. Qf5 Nb6 20. Bd3 g6 21. Qf6 0-0 22. h4 b4 23. h5 Nd7 24. Qh4 Nc5 25. Qxb4 Nxd3+ 26. Rxd3 Rfb8 27. Qe4 Ra7 28. h6 Rab7 29. Rd2 Rb5 30. Rhd1 Rc8 31. Qh4 1-0

[Event "TUR Cup 1516"]
[Site "Manavgat"]
[Date "2016.02.06"]
[Round "11"]
[White "Akyuz, Murat"]
[Black "Tolon, Adman Devran"]
[Result "1-0"]
[WhiteElo "1874"]
[BlackElo "1507"]
[PlyCount "62"]
[EventDate "2016.01.30"]
[EventType "swiss"]
[EventRounds "11"]
[EventCountry "TUR"]
[SourceTitle "EXT 2018"]
[Source "ChessBase"]
[SourceDate "2017.10.13"]
[SourceVersion "1"]
[SourceVersionDate "2017.10.13"]
[SourceQuality "1"]

1. d4 Nf6 2. c4 g6 3. Nc3 d5 4. Bf4 Bg7 5. e3 c5 6. Nf3 0-0 7. Bd3 Na6 8. Rc1 h6 9. 0-0 Be6 10. Nb5 Qa5 11. a4 Rfd8 12. Qb3 dxc4 13. Bxc4 Bxc4 14. Qxc4 Nd5 15. Be5 Nb6 16. Qc2 Qxa4 17. Qxa4 Nxa4 18. b3 Nb4 19. Rc4 Nb6 20. Rxc5 Nd7 21. Rc7 a6 22. Bxg7 Kxg7 23. Na3 Rab8 24. e4 e6 25. Nc4 Nf6 26. Nfe5 Rf8 27. Nd6 Ne8 28. Rxf7+ Rxf7 29. Nexf7 Nf6 30. Rc1 Rd8 31. Rc7 Kg8 1-0

[Event "Manavgat Turkey Cup"]
[Site "Manavgat"]
[Date "2016.02.05"]
[Round "10"]
[White "Tolon, Adman Devran"]
[Black "Uraz, Abdullah Kerim"]
[Result "1-0"]
[WhiteElo "1507"]
[BlackElo "1791"]
[PlyCount "78"]
[EventDate "2016.01.30"]
[EventType "swiss"]
[EventRounds "11"]
[EventCountry "TUR"]
[SourceTitle "CBM 170 Extra"]
[Source "ChessBase"]
[SourceDate "2016.02.25"]
[SourceVersion "1"]
[SourceVersionDate "2016.02.25"]
[SourceQuality "1"]

1. d4 Nf6 2. c4 e6 3. g3 c5 4. d5 exd5 5. cxd5 Bd6 6. Nc3 a6 7. a4 0-0 8. Bg2 Qe7 9. Nf3 Bc7 10. Nd2 d6 11. Nc4 Nbd7 12. 0-0 Ne5 13. Nxe5 Qxe5 14. Bf4 Qe7 15. Qc2 Rb8 16. a5 Bd7 17. Rfe1 b5 18. axb6 Rxb6 19. Qd3 Rxb2 20. Rxa6 Rfb8 21. Rea1 Ng4 22. Ra8 f6 23. Rxb8+ Rxb8 24. Be4 g6 25. Bxg6 hxg6 26. Qxg6+ Qg7 27. Qxg7+ Kxg7 28. Ra7 Kf7 29. Bxd6 Ne5 30. Bxc7 Rb3 31. Bxe5 fxe5 32. Rxd7+ Ke8 33. Rc7 Rxc3 34. h4 Rc2 35. e3 Rc4 36. h5 Kd8 37. d6 Rg4 38. Rxc5 Kd7 39. Rxe5 Kxd6 1-0

[Event "Manavgat Turkey Cup"]
[Site "Manavgat"]
[Date "2016.02.04"]
[Round "8"]
[White "Tolon, Adman Devran"]
[Black "Isin, Recep"]
[Result "1-0"]
[WhiteElo "1507"]
[BlackElo "1653"]
[PlyCount "98"]
[EventDate "2016.01.30"]
[EventType "swiss"]
[EventRounds "11"]
[EventCountry "TUR"]
[SourceTitle "CBM 170 Extra"]
[Source "ChessBase"]
[SourceDate "2016.02.25"]
[SourceVersion "1"]
[SourceVersionDate "2016.02.25"]
[SourceQuality "1"]

1. d4 g6 2. c4 Bg7 3. g3 c5 4. d5 d6 5. Bg2 Qb6 6. Qc2 Nf6 7. Nc3 0-0 8. Nf3 Re8 9. 0-0 e5 10. h3 Na6 11. a3 Bf5 12. e4 Bd7 13. Ne2 Qd8 14. Nc3 Nc7 15. Qe2 a6 16. a4 Rb8 17. a5 b5 18. axb6 Rxb6 19. Be3 Qb8 20. Rfb1 Nh5 21. Ne1 f5 22. Bc1 Nf6 23. Kh2 fxe4 24. Nxe4 Bf5 25. f3 Rf8 26. g4 Bxe4 27. fxe4 Rf7 28. Nd3 Qf8 29. Bd2 Nfe8 30. Rf1 Qe7 31. Rxf7 Kxf7 32. Rf1+ Kg8 33. Qf2 Nf6 34. b4 Rb8 35. bxc5 Rf8 36. cxd6 Qxd6 37. Bb4 Nxg4+ 38. hxg4 Rxf2 39. Bxd6 Rxf1 40. Bxf1 Na8 41. c5 Kf7 42. Nxe5+ Ke8 43. Bxa6 Bxe5+ 44. Bxe5 Kd7 45. c6+ Kd8 46. Bd4 Kc7 47. Bb7 Nb6 48. d6+ Kb8 49. Bxb6 h5 1-0

[Event "Manavgat Turkey Cup"]
[Site "Manavgat"]
[Date "2016.02.03"]
[Round "7"]
[White "Yildirim, Feyyaz"]
[Black "Tolon, Adman Devran"]
[Result "0-1"]
[WhiteElo "1801"]
[BlackElo "1507"]
[PlyCount "132"]
[EventDate "2016.01.30"]
[EventType "swiss"]
[EventRounds "11"]
[EventCountry "TUR"]
[SourceTitle "CBM 170 Extra"]
[Source "ChessBase"]
[SourceDate "2016.02.25"]
[SourceVersion "1"]
[SourceVersionDate "2016.02.25"]
[SourceQuality "1"]

1. d4 Nf6 2. Nf3 g6 3. Nc3 d5 4. e3 Bg7 5. Bd3 c5 6. 0-0 0-0 7. Re1 Bf5 8. Bxf5 gxf5 9. Ne2 Nc6 10. b3 Ne4 11. Bb2 b5 12. c3 c4 13. Nd2 Bh6 14. Ng3 e6 15. f3 Nxg3 16. hxg3 Kh8 17. Kf2 Rg8 18. Rh1 Qg5 19. Nf1 Bf8 20. Qc1 Bd6 21. Rh3 Qe7 22. bxc4 bxc4 23. a4 Na5 24. Nd2 Qc7 25. f4 Rab8 26. Ba3 Nb3 27. Bxd6 Qxd6 28. Qh1 Rg7 29. Nf3 f6 30. Ra2 Qc7 31. Rh6 Rf8 32. Qh4 Rg4 33. Qh2 Qg7 34. Ne1 Rxg3 35. Rxh7+ Qxh7 36. Qxg3 Rg8 37. Qh3 a5 38. Rb2 Rg6 39. Qxh7+ Kxh7 40. Nc2 Rg7 41. g3 Rb7 42. Na3 Kg7 43. Nb5 Nc1 44. Kf3 Rb6 45. Rh2 Nd3 46. g4 fxg4+ 47. Kxg4 f5+ 48. Kf3 Rb7 49. Rg2+ Kf8 50. Rg6 Nb2 51. Rf6+ Kg7 52. Rxe6 Nxa4 53. Nd6 Ra7 54. Nxf5+ Kf7 55. Rh6 Ra8 56. Nd6+ Kg8 57. Nb5 Rb8 58. Nc7 Nxc3 59. Ra6 a4 60. Ra5 Rc8 61. Ne6 Ne4 62. Nc5 c3 63. Rxa4 c2 64. Ra1 Rxc5 65. dxc5 Nd2+ 66. Ke2 Nb1 0-1